| 000 | 01437nam a2200421 i 4500 | ||
|---|---|---|---|
| 001 | 29390 | ||
| 003 | KOSZ 005 | ||
| 005 | 20210810100258.0 | ||
| 008 | 970903s1990 pl a f |001 0 pol | ||
| 015 | _aUWD 1990/10541 | ||
| 020 | _a8320411181 | ||
| 035 | _a991002481769705066 | ||
| 035 | _a(PL-WaBN)b10682259-48omnis_nlop | ||
| 035 | _ab10682259 | ||
| 035 | _a(OCoLC)69492960 | ||
| 035 | _a(PL)b0000001068225 | ||
| 035 | _a(EXLNZ-48OMNIS_NETWORK)9910296008305606 | ||
| 040 |
_aWA N _cWA N _dKOSZ 005/EG |
||
| 080 | _a621.3 | ||
| 245 | 0 | 0 |
_aPoradnik montera elektryka : _bpraca zbiorowa / _c[aut. Janusz Biesialski et al.]. |
| 260 |
_aWarszawa : _bWydawnictwa Naukowo-Techniczne, _c1990. |
||
| 300 |
_aXIV, [2] s., 1011, [1] s., [1] k. tabl. : _bfot., rys., wykr. ; _c21 cm. |
||
| 336 |
_aTekst _btxt _2rdacontent |
||
| 337 |
_aBez urządzenia pośredniczącego _bn _2rdamedia |
||
| 338 |
_aWolumin _bnc _2rdacarrier |
||
| 380 | _aKsiążki | ||
| 388 | _a1901-2000 | ||
| 388 | _a1989-2000 | ||
| 504 | _aBibliogr. przy rozdz. - Indeks. | ||
| 650 | 7 |
_aElektrotechnika _2DBN |
|
| 655 | 7 |
_aPoradnik _2DBN |
|
| 658 | _aInżynieria i technika | ||
| 700 | 1 |
_aBiesialski, Janusz _eAutor |
|
| 710 | 2 |
_aWydawnictwa Naukowo-Techniczne _4pbl |
|
| 856 |
_uhttp://koha.tu.koszalin.pl/cgi-bin/koha/opac-detail.pl?biblionumber=29390 _yKatalog online BPK |
||
| 942 |
_2UKD _cKS |
||
| 999 |
_c29390 _d29390 |
||